00518nam a22001697a 450000500170000001000130001702000260003003500110005603700130006708200100008010000240009024500580011424600450017226000510021727000570026830000230032520211108125311.0 aUR-11308 c300.00a9788194848165 aU-9863 bDBAD/PUB a840.8 aنسيم ا ختر  aمکتو با ت آ ر ز و cنسيم ا ختر  aMaktubate Arzoo (Urdu)bby Naseem Akhtar aN.Delhic2020 ءbEducational Publishing House aD1/16,Ansari Road,Darya Ganj,bNew Delhie110002l - a224 ص c22 Cm(Hb)